[Event "DVM U12w 2021"]
[Site "Willingen GER"]
[Date "2022.08.13"]
[Round "2"]
[White "Prokscha, Charlotte"]
[Black "Wagner, Cosima Thien-An"]
[Result "1/2-1/2"]
[Termination "normal"]
[Board "6.1"]
[WhiteElo "1241"]
[BlackElo "1301"]
[WhiteClock "00:42:42"]
[BlackClock "00:03:28"]
[WhiteTeam "SC Garching 1980"]
[BlackTeam "TV Tegernsee"]
[PlyCount "146"]
[WhiteFideId "34614699"]
[BlackFideId "34603484"]
[EventCountry "GER"]
[EventRounds "7"]
[EventType "team-swiss"]
[EventDate "2022.08.12"]

1. c4 {[%clk 01:30:59]} {[%emt 00:00:02]} g6 {[%clk 01:30:44]} {[%emt
00:00:16]} 2. Nc3 {[%clk 01:31:20]} {[%emt 00:00:09]} Bg7 {[%clk 01:31:06]}
{[%emt 00:00:08]} 3. Nf3 {[%clk 01:31:31]} {[%emt 00:00:18]} Nf6 {[%clk
01:31:25]} {[%emt 00:00:11]} 4. d3 {[%clk 01:31:44]} {[%emt 00:00:17]} d5
{[%clk 01:31:43]} {[%emt 00:00:13]} 5. g3 {[%clk 01:30:21]} {[%emt 00:01:52]}
dxc4 {[%clk 01:31:55]} {[%emt 00:00:18]} 6. dxc4 {[%clk 01:30:44]} {[%emt
00:00:08]} Qxd1+ {[%emt 00:00:21]} 7. Nxd1 {[%clk 01:31:04]} {[%emt 00:00:07]}
Ne4 {[%clk 01:30:55]} {[%emt 00:01:42]} 8. Rb1 {[%clk 01:30:07]} {[%emt
00:01:26]} Bf5 {[%clk 01:30:39]} {[%emt 00:00:46]} 9. Ne3 {[%clk 01:25:35]}
{[%emt 00:05:02]} Nxg3 {[%clk 01:30:00]} {[%emt 00:01:10]} 10. Nxf5 {[%clk
01:25:39]} {[%emt 00:00:26]} Nxf5 {[%clk 01:30:22]} {[%emt 00:00:07]} 11. Bf4
{[%clk 01:25:20]} {[%emt 00:00:49]} Nd6 {[%clk 01:29:59]} {[%emt 00:00:53]} 12.
e3 {[%clk 01:19:43]} {[%emt 00:06:07]} Nc6 {[%clk 01:27:41]} {[%emt 00:02:49]}
13. a3 {[%clk 01:13:37]} {[%emt 00:06:36]} Rc8 {[%clk 01:24:49]} {[%emt
00:03:21]} 14. Bd3 {[%clk 01:12:25]} {[%emt 00:01:42]} e5 {[%clk 01:23:52]}
{[%emt 00:01:28]} 15. c5 {[%clk 01:11:41]} {[%emt 00:01:13]} exf4 {[%clk
01:23:20]} {[%emt 00:01:02]} 16. cxd6 {[%clk 01:12:02]} {[%emt 00:00:09]} fxe3
{[%clk 01:22:51]} {[%emt 00:01:00]} 17. fxe3 {[%clk 01:12:10]} {[%emt
00:00:21]} cxd6 {[%clk 01:22:55]} {[%emt 00:00:26]} 18. Be4 {[%clk 01:11:30]}
{[%emt 00:01:03]} O-O {[%clk 01:22:12]} {[%emt 00:01:21]} 19. Ke2 {[%clk
01:07:59]} {[%emt 00:04:00]} Rfe8 {[%clk 01:20:08]} {[%emt 00:02:35]} 20. Kd3
{[%clk 01:05:38]} {[%emt 00:02:50]} Re7 {[%clk 01:13:55]} {[%emt 00:06:42]} 21.
Rhe1 {[%clk 01:02:30]} {[%emt 00:03:39]} Ne5+ {[%clk 01:08:55]} {[%emt
00:05:31]} 22. Nxe5 {[%clk 01:02:44]} {[%emt 00:00:15]} Bxe5 {[%clk 01:08:22]}
{[%emt 00:01:03]} 23. h3 {[%clk 01:02:46]} {[%emt 00:00:27]} b6 {[%clk
01:07:38]} {[%emt 00:01:16]} 24. Bd5 {[%clk 01:02:07]} {[%emt 00:01:08]} Bg7
{[%clk 01:02:43]} {[%emt 00:05:26]} 25. Rf1 {[%clk 01:00:57]} {[%emt 00:01:39]}
Rce8 {[%clk 01:00:41]} {[%emt 00:02:31]} 26. e4 {[%clk 01:00:50]} {[%emt
00:00:38]} Be5 {[%clk 00:57:01]} {[%emt 00:04:11]} 27. Rf3 {[%clk 01:00:12]}
{[%emt 00:01:06]} Kg7 {[%clk 00:56:24]} {[%emt 00:01:08]} 28. b3 {[%clk
00:58:35]} {[%emt 00:02:07]} Rc8 {[%clk 00:52:52]} {[%emt 00:04:02]} 29. a4
{[%clk 00:55:52]} {[%emt 00:03:13]} Rc3+ {[%clk 00:52:23]} {[%emt 00:01:00]}
30. Ke2 {[%clk 00:56:11]} {[%emt 00:00:10]} Rxf3 {[%clk 00:52:37]} {[%emt
00:00:17]} 31. Kxf3 {[%clk 00:56:33]} {[%emt 00:00:08]} Rc7 {[%clk 00:52:47]}
{[%emt 00:00:20]} 32. Bc4 {[%clk 00:56:44]} {[%emt 00:00:19]} Rc5 {[%clk
00:50:43]} {[%emt 00:02:33]} 33. Rf1 {[%clk 00:50:35]} {[%emt 00:06:38]} Bf6
{[%clk 00:46:17]} {[%emt 00:04:57]} 34. Rd1 {[%clk 00:49:38]} {[%emt 00:01:25]}
Be5 {[%clk 00:43:59]} {[%emt 00:02:50]} 35. Rd3 {[%clk 00:48:41]} {[%emt
00:01:26]} Rc8 {[%clk 00:42:20]} {[%emt 00:02:10]} 36. Re3 {[%clk 00:47:08]}
{[%emt 00:02:03]} Rf8 {[%clk 00:42:10]} {[%emt 00:00:40]} 37. Ke2 {[%clk
00:45:21]} {[%emt 00:02:16]} f5 {[%clk 00:41:20]} {[%emt 00:01:21]} 38. Rf3
{[%clk 00:45:03]} {[%emt 00:00:47]} fxe4 {[%clk 00:40:47]} {[%emt 00:01:04]}
39. Rxf8 {[%clk 00:45:25]} {[%emt 00:00:08]} Kxf8 {[%clk 00:41:11]} {[%emt
00:00:07]} 40. Ke3 {[%clk 00:45:30]} {[%emt 00:00:25]} Ke7 {[%clk 00:39:32]}
{[%emt 00:02:09]} 41. Kxe4 {[%clk 00:45:49]} {[%emt 00:00:10]} Bc3 {[%clk
00:34:41]} {[%emt 00:05:21]} 42. Bg8 {[%clk 00:44:57]} {[%emt 00:01:22]} h6
{[%clk 00:34:03]} {[%emt 00:01:08]} 43. Bc4 {[%clk 00:44:32]} {[%emt 00:00:55]}
Kf6 {[%clk 00:33:47]} {[%emt 00:00:45]} 44. Kd5 {[%clk 00:43:13]} {[%emt
00:01:50]} Bb4 {[%clk 00:33:47]} {[%emt 00:00:31]} 45. Ke4 {[%clk 00:43:04]}
{[%emt 00:00:36]} Kg5 {[%clk 00:32:10]} {[%emt 00:02:08]} 46. Be6 {[%clk
00:42:44]} {[%emt 00:00:50]} h5 {[%clk 00:29:35]} {[%emt 00:03:06]} 47. Kd5
{[%clk 00:40:25]} {[%emt 00:02:49]} Bc5 {[%clk 00:27:08]} {[%emt 00:02:57]} 48.
Kc4 {[%clk 00:39:34]} {[%emt 00:01:20]} a5 {[%clk 00:27:02]} {[%emt 00:00:38]}
49. Kd5 {[%clk 00:39:43]} {[%emt 00:00:20]} Kf4 {[%clk 00:25:07]} {[%emt
00:02:24]} 50. Bf7 {[%clk 00:39:39]} {[%emt 00:00:35]} Kf5 {[%clk 00:24:30]}
{[%emt 00:01:07]} 51. Be6 {[%clk 00:39:56]} {[%emt 00:00:12]} Kf6 {[%clk
00:24:06]} {[%emt 00:00:55]} 52. Bd7 {[%clk 00:40:03]} {[%emt 00:00:23]} Ke7
{[%clk 00:21:38]} {[%emt 00:02:59]} 53. Be6 {[%clk 00:40:18]} {[%emt 00:00:12]}
g5 {[%clk 00:20:33]} {[%emt 00:01:37]} 54. Bf5 {[%clk 00:40:09]} {[%emt
00:00:39]} Kf6 {[%clk 00:20:37]} {[%emt 00:00:25]} 55. Be6 {[%clk 00:40:27]}
{[%emt 00:00:12]} Bb4 {[%clk 00:19:41]} {[%emt 00:01:27]} 56. Bd7 {[%clk
00:40:10]} {[%emt 00:00:46]} g4 {[%clk 00:18:38]} {[%emt 00:01:35]} 57. hxg4
{[%clk 00:40:27]} {[%emt 00:00:12]} h4 {[%clk 00:18:22]} {[%emt 00:00:46]} 58.
Ke4 {[%clk 00:40:49]} {[%emt 00:00:07]} Kg5 {[%clk 00:16:58]} {[%emt 00:01:55]}
59. Kf3 {[%clk 00:41:03]} {[%emt 00:00:16]} d5 {[%clk 00:16:16]} {[%emt
00:01:12]} 60. Bb5 {[%clk 00:41:01]} {[%emt 00:00:32]} Bd6 {[%clk 00:16:11]}
{[%emt 00:00:35]} 61. Bf1 {[%clk 00:40:27]} {[%emt 00:01:04]} d4 {[%clk
00:15:26]} {[%emt 00:01:16]} 62. Bh3 {[%clk 00:40:35]} {[%emt 00:00:21]} d3
{[%clk 00:14:21]} {[%emt 00:01:35]} 63. Ke3 {[%clk 00:40:49]} {[%emt 00:00:15]}
d2 {[%clk 00:13:39]} {[%emt 00:01:13]} 64. Kxd2 {[%clk 00:41:14]} {[%emt
00:00:05]} Kf4 {[%clk 00:13:50]} {[%emt 00:00:19]} 65. g5 {[%clk 00:41:33]}
{[%emt 00:00:11]} Kg3 {[%clk 00:13:27]} {[%emt 00:00:53]} 66. g6 {[%clk
00:40:53]} {[%emt 00:01:10]} Be5 {[%clk 00:11:48]} {[%emt 00:02:09]} 67. Be6
{[%clk 00:41:02]} {[%emt 00:00:20]} h3 {[%clk 00:06:44]} {[%emt 00:05:35]} 68.
Bd5 {[%clk 00:41:23]} {[%emt 00:00:09]} Kf2 {[%clk 00:06:20]} {[%emt 00:00:54]}
69. Kd3 {[%clk 00:41:41]} {[%emt 00:00:12]} h2 {[%clk 00:05:53]} {[%emt
00:00:57]} 70. Kc4 {[%clk 00:41:48]} {[%emt 00:00:23]} Kg1 {[%clk 00:04:46]}
{[%emt 00:01:37]} 71. b4 {[%clk 00:42:08]} {[%emt 00:00:10]} axb4 {[%clk
00:03:28]} {[%emt 00:01:48]} 72. Kxb4 {[%clk 00:42:31]} {[%emt 00:00:07]} h1=Q
73. Bxh1 {[%clk 00:42:42]} Kxh1 {[%emt 00:00:50]} 1/2-1/2

[Event "DVM U12w 2021"]
[Site "Willingen GER"]
[Date "2022.08.15"]
[Round "6"]
[White "Einacker, Lina"]
[Black "Fruth, Julia"]
[Result "0-1"]
[Termination "normal"]
[Board "1.3"]
[WhiteElo "1010"]
[BlackElo "1028"]
[WhiteClock "00:23:55"]
[BlackClock "00:40:00"]
[WhiteTeam "Hamburger SK 1830"]
[BlackTeam "USG Chemnitz"]
[PlyCount "80"]
[WhiteFideId "34630147"]
[BlackFideId "34603050"]
[EventCountry "GER"]
[EventRounds "7"]
[EventType "team-swiss"]
[EventDate "2022.08.12"]

1. e4 {[%clk 01:30:58]} c5 {[%clk 01:30:54]} {[%emt 00:00:06]} 2. Nf3 {[%clk
01:31:21]} {[%emt 00:00:08]} d6 {[%clk 01:31:19]} {[%emt 00:00:05]} 3. Bb5+
{[%clk 01:31:44]} {[%emt 00:00:07]} Bd7 {[%clk 01:30:30]} {[%emt 00:01:19]} 4.
Bxd7+ {[%clk 01:32:04]} {[%emt 00:00:09]} Nxd7 {[%clk 01:30:55]} {[%emt
00:00:06]} 5. O-O {[%clk 01:32:20]} {[%emt 00:00:14]} Ngf6 {[%clk 01:31:12]}
{[%emt 00:00:12]} 6. Re1 {[%clk 01:32:43]} {[%emt 00:00:07]} e5 {[%clk
01:29:09]} {[%emt 00:02:34]} 7. c3 {[%clk 01:30:45]} {[%emt 00:02:28]} Be7
{[%clk 01:28:19]} {[%emt 00:01:19]} 8. d4 {[%clk 01:28:46]} {[%emt 00:02:29]}
cxd4 {[%clk 01:25:03]} {[%emt 00:03:47]} 9. cxd4 {[%clk 01:28:29]} {[%emt
00:00:47]} O-O {[%clk 01:24:46]} {[%emt 00:00:47]} 10. d5 {[%clk 01:26:02]}
{[%emt 00:02:57]} Qb6 {[%clk 01:20:36]} {[%emt 00:04:38]} 11. Nc3 {[%clk
01:24:07]} {[%emt 00:02:28]} Rac8 {[%clk 01:17:56]} {[%emt 00:03:07]} 12. Na4
{[%clk 01:06:38]} {[%emt 00:18:01]} Qc7 {[%clk 01:12:14]} {[%emt 00:06:11]} 13.
Bg5 {[%clk 01:00:57]} {[%emt 00:06:12]} h6 {[%clk 01:06:20]} {[%emt 00:06:22]}
14. Bh4 {[%clk 00:59:39]} {[%emt 00:01:50]} Qa5 {[%clk 01:02:13]} {[%emt
00:04:27]} 15. b3 {[%clk 00:57:04]} {[%emt 00:03:15]} Rc7 {[%clk 01:00:31]}
{[%emt 00:02:12]} 16. Rc1 {[%clk 00:55:29]} {[%emt 00:02:04]} Rfc8 {[%clk
01:00:47]} {[%emt 00:00:15]} 17. Rxc7 {[%clk 00:51:34]} {[%emt 00:04:25]} Qxc7
{[%clk 01:00:51]} {[%emt 00:00:26]} 18. Nb2 {[%clk 00:50:04]} {[%emt 00:02:00]}
Qc2 {[%clk 00:56:30]} {[%emt 00:04:50]} 19. Qxc2 {[%clk 00:48:36]} {[%emt
00:01:59]} Rxc2 {[%clk 00:54:14]} {[%emt 00:02:46]} 20. Bxf6 {[%clk 00:45:56]}
{[%emt 00:03:10]} Nxf6 {[%clk 00:54:26]} {[%emt 00:00:17]} 21. Nc4 {[%clk
00:41:42]} {[%emt 00:04:44]} Rxa2 {[%clk 00:53:18]} {[%emt 00:01:38]} 22. Nh4
{[%clk 00:39:17]} {[%emt 00:02:55]} Nxe4 {[%clk 00:52:03]} {[%emt 00:01:46]}
23. Nf5 {[%clk 00:36:52]} {[%emt 00:02:55]} Bf8 {[%clk 00:51:51]} {[%emt
00:00:41]} 24. f3 {[%clk 00:36:30]} {[%emt 00:00:53]} Nc3 {[%clk 00:47:36]}
{[%emt 00:04:44]} 25. f4 {[%clk 00:31:37]} {[%emt 00:05:24]} g6 {[%clk
00:42:09]} {[%emt 00:05:56]} 26. Ng3 {[%clk 00:26:37]} {[%emt 00:05:31]} b5
{[%clk 00:41:33]} {[%emt 00:01:05]} 27. Nxd6 {[%clk 00:24:18]} {[%emt
00:02:51]} Bxd6 {[%clk 00:40:29]} {[%emt 00:01:33]} 28. fxe5 {[%clk 00:24:30]}
{[%emt 00:00:18]} Bc5+ {[%clk 00:40:26]} {[%emt 00:00:32]} 29. Kf1 {[%clk
00:23:54]} {[%emt 00:01:06]} Rf2+ {[%clk 00:39:32]} {[%emt 00:01:24]} 30. Kg1
{[%clk 00:24:05]} {[%emt 00:00:18]} Ne2+ {[%clk 00:38:45]} {[%emt 00:01:14]}
31. Nxe2 {[%clk 00:24:08]} {[%emt 00:00:32]} Rxe2+ {[%clk 00:39:03]} {[%emt
00:00:12]} 32. Kf1 {[%clk 00:24:23]} {[%emt 00:00:15]} Rxe1+ {[%clk 00:39:25]}
{[%emt 00:00:07]} 33. Kxe1 {[%clk 00:24:44]} {[%emt 00:00:10]} Bd4 {[%clk
00:39:38]} {[%emt 00:00:17]} 34. Kd2 {[%clk 00:23:46]} {[%emt 00:01:29]} Bxe5
{[%clk 00:39:44]} {[%emt 00:00:23]} 35. g3 {[%clk 00:23:27]} {[%emt 00:00:49]}
Kf8 {[%clk 00:40:04]} {[%emt 00:00:10]} 36. Kc2 {[%clk 00:23:00]} {[%emt
00:00:56]} Ke7 {[%clk 00:40:08]} {[%emt 00:00:27]} 37. Kb2 {[%clk 00:23:19]}
{[%emt 00:00:11]} Kd6+ {[%clk 00:40:01]} {[%emt 00:00:32]} 38. Ka3 {[%clk
00:23:27]} {[%emt 00:00:27]} Kxd5 {[%clk 00:40:22]} {[%emt 00:00:08]} 39. Kb4
{[%clk 00:23:43]} {[%emt 00:00:14]} Kc6 {[%clk 00:40:39]} {[%emt 00:00:13]} 40.
Ka5 {[%clk 00:23:55]} {[%emt 00:00:19]} Bd4 {[%clk 00:40:00]} {[%emt 00:01:09]}
0-1

[Event "DVM U16w 2021"]
[Site "Berlin GER"]
[Date "2022.04.30"]
[Round "1"]
[White "Reddi, Bhuvana"]
[Black "Dietz, Kristin"]
[Result "0-1"]
[Termination "normal"]
[Board "1.1"]
[WhiteElo "1404"]
[BlackElo "1707"]
[WhiteClock "00:00:45"]
[BlackClock "00:47:29"]
[WhiteTeam "SC Weisse Dame e.V."]
[BlackTeam "USV Halle"]
[PlyCount "58"]
[WhiteFideId "16287002"]
[BlackFideId "12993743"]
[EventCountry "GER"]
[EventRounds "7"]
[EventType "team-swiss"]
[EventDate "2022.04.29"]

1. e4 {[%clk 1:30:55]} c5 {[%clk 1:30:55]} 2. Nf3 {[%clk 1:31:22]} e6 {[%clk
1:31:21]} 3. c4 {[%clk 1:31:42]} a6 {[%clk 1:30:26]} 4. Nc3 {[%clk 1:30:39]}
Qc7 {[%clk 1:30:33]} 5. d4 {[%clk 1:21:14]} cxd4 {[%clk 1:30:53]} 6. Nxd4
{[%clk 1:21:24]} Nf6 {[%clk 1:31:15]} 7. Qc2 {[%clk 1:17:13]} Nc6 {[%clk
1:30:02]} 8. Nb3 {[%clk 1:11:05]} Ne5 {[%clk 1:21:36]} 9. Bf4 {[%clk 0:37:25]}
Nf3+ {[%clk 1:21:13]} 10. gxf3 {[%clk 0:37:44]} Qxf4 {[%clk 1:21:38]} 11. Be2
{[%clk 0:36:59]} d5 {[%clk 1:07:12]} 12. c5 {[%clk 0:14:22]} Bd7 {[%clk
1:06:33]} 13. Rd1 {[%clk 0:10:55]} Bc6 {[%clk 1:06:22]} 14. Na5 {[%clk
0:09:19]} Bxc5 {[%clk 1:00:34]} 15. Nxc6 {[%clk 0:09:18]} bxc6 {[%clk 0:55:19]}
16. Nxd5 {[%clk 0:09:05]} Bxf2+ {[%clk 0:55:20]} 17. Kxf2 {[%clk 0:05:54]} cxd5
{[%clk 0:55:34]} 18. Qc6+ {[%clk 0:06:00]} Ke7 {[%clk 0:56:00]} 19. Qb7+ {[%clk
0:05:26]} Kd6 {[%clk 0:53:09]} 20. Qb6+ {[%clk 0:04:48]} Kd7 {[%clk 0:53:21]}
21. Bxa6 {[%clk 0:04:15]} Nxe4+ {[%clk 0:51:12]} 22. Kg2 {[%clk 0:02:12]} Rhb8
{[%clk 0:48:23]} 23. Bb5+ {[%clk 0:02:01]} Ke7 {[%clk 0:48:41]} 24. Qc6 {[%clk
0:01:45]} Rxa2 {[%clk 0:47:49]} 25. Rb1 {[%clk 0:00:39]} Nd2 {[%clk 0:47:49]}
26. Qc5+ {[%clk 0:00:32]} Kf6 {[%clk 0:47:37]} 27. Qc3+ {[%clk 0:00:38]} d4
{[%clk 0:47:57]} 28. Qd3 {[%clk 0:00:32]} Nxb1 {[%clk 0:47:32]} 29. Rxb1 {[%clk
0:00:45]} Qg5+ {[%clk 0:47:29]} 0-1

[Event "DVM U16w 2021"]
[Site "Berlin GER"]
[Date "2022.04.30"]
[Round "1"]
[White "Voigt, Anastasia"]
[Black "Fayngold, Sophie"]
[Result "0-1"]
[Termination "normal"]
[Board "1.2"]
[WhiteElo "1630"]
[BlackElo "1222"]
[WhiteClock "00:21:11"]
[BlackClock "00:21:57"]
[WhiteTeam "USV Halle"]
[BlackTeam "SC Weisse Dame e.V."]
[PlyCount "40"]
[WhiteFideId "16235223"]
[BlackFideId "16244761"]
[EventCountry "GER"]
[EventRounds "7"]
[EventType "team-swiss"]
[EventDate "2022.04.29"]

1. e4 {[%clk 1:30:58]} e5 {[%clk 1:30:53]} 2. Nf3 {[%clk 1:31:24]} Nc6 {[%clk
1:31:19]} 3. Bc4 {[%clk 1:31:49]} Bc5 {[%clk 1:31:46]} 4. c3 {[%clk 1:32:15]}
d6 {[%clk 1:31:38]} 5. d4 {[%clk 1:32:30]} exd4 {[%clk 1:31:10]} 6. cxd4 {[%clk
1:32:54]} Bb6 {[%clk 1:27:21]} 7. h3 {[%clk 1:33:09]} Nf6 {[%clk 1:23:25]} 8.
Nc3 {[%clk 1:29:43]} h6 {[%clk 1:18:27]} 9. O-O {[%clk 1:27:33]} Bd7 {[%clk
1:09:11]} 10. e5 {[%clk 1:22:17]} dxe5 {[%clk 1:07:26]} 11. dxe5 {[%clk
1:22:00]} Nh5 {[%clk 1:04:16]} 12. Kh2 {[%clk 1:11:47]} g6 {[%clk 0:50:08]} 13.
Ne4 {[%clk 1:01:14]} Qe7 {[%clk 0:44:01]} 14. g4 {[%clk 0:49:14]} Nxe5 {[%clk
0:42:04]} 15. Nxe5 {[%clk 0:46:03]} Qxe5+ {[%clk 0:40:41]} 16. f4 {[%clk
0:45:57]} Qe7 {[%clk 0:34:19]} 17. gxh5 {[%clk 0:45:17]} O-O-O {[%clk 0:30:29]}
18. Qe1 {[%clk 0:38:44]} Rhe8 {[%clk 0:25:57]} 19. Bd2 Qxe4 {[%clk 0:25:13]}
20. Bxf7 {[%clk 0:21:11]} Qf5 {[%clk 0:21:57]} 0-1

[Event "DVM U16w 2021"]
[Site "Berlin GER"]
[Date "2022.04.30"]
[Round "1"]
[White "Grigoryan, Nare"]
[Black "Stowicek, Yara Mathilda"]
[Result "0-1"]
[Termination "normal"]
[Board "1.3"]
[WhiteElo "1363"]
[BlackElo "1771"]
[WhiteClock "00:00:41"]
[BlackClock "00:36:24"]
[WhiteTeam "SC Weisse Dame e.V."]
[BlackTeam "USV Halle"]
[PlyCount "70"]
[WhiteFideId "34620702"]
[BlackFideId "16203569"]
[EventCountry "GER"]
[EventRounds "7"]
[EventType "team-swiss"]
[EventDate "2022.04.29"]

1. e4 {[%clk 1:30:59]} e5 {[%clk 1:30:54]} 2. Nf3 {[%clk 1:31:26]} Nc6 {[%clk
1:31:17]} 3. d4 {[%clk 1:31:53]} exd4 {[%clk 1:31:28]} 4. Nxd4 {[%clk 1:32:16]}
Qf6 {[%clk 1:31:41]} 5. Nxc6 {[%clk 1:27:47]} Bc5 {[%clk 1:29:15]} 6. Qf3
{[%clk 1:21:13]} Qxc6 {[%clk 1:28:07]} 7. Bc4 {[%clk 1:18:05]} Bxf2+ {[%clk
1:22:23]} 8. Qxf2 {[%clk 1:14:39]} Qxc4 {[%clk 1:22:20]} 9. Nd2 {[%clk
1:10:57]} Qe6 {[%clk 1:20:51]} 10. O-O {[%clk 1:04:04]} b6 {[%clk 1:20:13]} 11.
b3 {[%clk 1:04:00]} f6 {[%clk 1:18:18]} 12. Bb2 {[%clk 1:01:57]} Ba6 {[%clk
1:18:01]} 13. Rfe1 {[%clk 0:55:11]} O-O-O {[%clk 1:14:15]} 14. a4 {[%clk
0:50:29]} Bb7 {[%clk 1:09:32]} 15. a5 {[%clk 0:44:30]} Nh6 {[%clk 1:03:28]} 16.
axb6 {[%clk 0:41:39]} axb6 {[%clk 1:02:14]} 17. Nf1 {[%clk 0:36:37]} Ng4 {[%clk
1:01:47]} 18. Qg3 {[%clk 0:31:29]} Ne5 {[%clk 1:00:23]} 19. Qc3 {[%clk
0:29:11]} Qc6 {[%clk 0:58:50]} 20. Qxc6 Bxc6 21. Ng3 {[%clk 0:22:21]} g6 {[%clk
0:51:05]} 22. Nf1 {[%clk 0:18:53]} d6 {[%clk 0:50:41]} 23. Nd2 {[%clk 0:18:22]}
Rhf8 {[%clk 0:50:39]} 24. Nf3 {[%clk 0:18:25]} Nxf3+ {[%clk 0:49:58]} 25. gxf3
{[%clk 0:18:47]} f5 {[%clk 0:50:14]} 26. e5 {[%clk 0:16:10]} dxe5 {[%clk
0:49:21]} 27. Bxe5 {[%clk 0:12:42]} Bxf3 {[%clk 0:49:19]} 28. Kf2 {[%clk
0:09:22]} Be4 {[%clk 0:49:24]} 29. Re2 {[%clk 0:05:51]} Rf7 {[%clk 0:48:02]}
30. c3 {[%clk 0:04:50]} Rfd7 {[%clk 0:46:50]} 31. Bd4 {[%clk 0:04:22]} Kb7
{[%clk 0:44:25]} 32. b4 {[%clk 0:01:01]} g5 {[%clk 0:40:16]} 33. Kg3 {[%clk
0:00:47]} Rd5 {[%clk 0:37:31]} 34. h4 {[%clk 0:00:32]} h6 {[%clk 0:36:19]} 35.
Bg7 {[%clk 0:00:41]} R8d6 {[%clk 0:36:24]} 0-1

[Event "DVM U16w 2021"]
[Site "Berlin GER"]
[Date "2022.04.30"]
[Round "1"]
[White "Derling, Charlotte"]
[Black "Bauer, Sophia"]
[Result "1-0"]
[Termination "normal"]
[Board "1.4"]
[WhiteElo "1464"]
[BlackElo "1139"]
[WhiteClock "00:29:42"]
[BlackClock "00:58:07"]
[WhiteTeam "USV Halle"]
[BlackTeam "SC Weisse Dame e.V."]
[PlyCount "51"]
[WhiteFideId "16222237"]
[BlackFideId "34620583"]
[EventCountry "GER"]
[EventRounds "7"]
[EventType "team-swiss"]
[EventDate "2022.04.29"]

1. e4 {[%clk 1:30:55]} e5 {[%clk 1:30:57]} 2. Nf3 {[%clk 1:31:15]} Nc6 {[%clk
1:31:21]} 3. d4 {[%clk 1:31:35]} exd4 {[%clk 1:31:46]} 4. Nxd4 {[%clk 1:31:55]}
Nf6 {[%clk 1:32:00]} 5. Nxc6 {[%clk 1:32:05]} bxc6 {[%clk 1:32:24]} 6. e5
{[%clk 1:32:24]} Qe7 {[%clk 1:30:43]} 7. Qe2 {[%clk 1:32:17]} Nd5 {[%clk
1:29:31]} 8. c4 {[%clk 1:31:52]} Nb6 {[%clk 1:28:52]} 9. b3 {[%clk 1:29:06]} d6
{[%clk 1:26:57]} 10. Bb2 {[%clk 1:23:56]} dxe5 {[%clk 1:25:11]} 11. Qxe5 {[%clk
1:23:16]} Qxe5+ {[%clk 1:25:13]} 12. Bxe5 {[%clk 1:23:33]} Bb4+ {[%clk
1:24:12]} 13. Bc3 {[%clk 1:14:07]} Bxc3+ {[%clk 1:24:29]} 14. Nxc3 {[%clk
1:14:21]} Bf5 {[%clk 1:23:09]} 15. O-O-O {[%clk 1:06:30]} O-O {[%clk 1:16:29]}
16. Be2 {[%clk 1:00:29]} Rad8 {[%clk 1:14:34]} 17. Bf3 {[%clk 0:56:55]} Bd7
{[%clk 1:12:07]} 18. Rhe1 {[%clk 0:54:12]} a5 {[%clk 1:11:09]} 19. Re7 {[%clk
0:46:10]} c5 {[%clk 1:05:37]} 20. Nd5 {[%clk 0:39:05]} Rfe8 {[%clk 0:58:24]}
21. Rxe8+ {[%clk 0:33:47]} Rxe8 {[%clk 0:57:30]} 22. Nxb6 {[%clk 0:33:03]} cxb6
{[%clk 0:57:29]} 23. Rxd7 {[%clk 0:33:03]} g6 {[%clk 0:57:47]} 24. Kd2 {[%clk
0:31:08]} Rb8 {[%clk 0:57:56]} 25. Bd5 {[%clk 0:30:37]} Rf8 {[%clk 0:58:07]}
26. Rb7 {[%clk 0:29:42]} 1-0